| 000 | 00835nam a2200253Ia 4500 | ||
|---|---|---|---|
| 003 | OSt | ||
| 005 | 20221005103110.0 | ||
| 006 | a|||||r|||| 00| 0 | ||
| 007 | ta | ||
| 008 | 221004b |||||||| |||| 00| 0 hin d | ||
| 024 | _a32242 | ||
| 037 | _cTextual | ||
| 040 |
_aCRL _cCRL _bhin |
||
| 041 |
_2hin _ahin |
||
| 082 | _aO152,1xN, L8 | ||
| 100 | _aगौड, राजेन्द्रसिंह | ||
| 245 | 0 | _aहमारे कवि | |
| 246 | _aHamāre kavi | ||
| 260 |
_aइलाहाबाद _bसाहित्य भवन प्रा. लिमिटेड भारत _c1978 |
||
| 300 |
_a388पृ. _ccm. |
||
| 650 | _aहिन्दी साहित्य | ||
| 942 |
_hO152,1xN, L8 _cTEXL _2cc |
||
| 999 |
_c1009435 _d1009435 |
||